header

Ectogenesis (Record no. 207282)

MARC details
000 -LEADER
fixed length control field 01355nam a2200337Ia 4500
245 00 - TITLE STATEMENT
Title Ectogenesis
260 ## - PUBLICATION, DISTRIBUTION, ETC. (IMPRINT)
Place of publication Amsterdam :
Name of publisher Editions Rodopi, B.V.,
Year of publication 2006.
300 ## - PHYSICAL DESCRIPTION
Number of Pages xii, 197 p.
490 0# - SERIES STATEMENT
Series statement Value inquire book series ;
500 ## - GENERAL NOTE
General note "A volume in Values in bioethics, ViB".
General note Includes bibliographical references and index.
650 #0 - SUBJECT ADDED ENTRY--TOPICAL TERM
Topical Term Gynecology
Topical Term Human reproduction
Topical Term Obstetrics
700 1# - ADDED ENTRY--PERSONAL NAME
Personal name Gelfand, Scott.
Personal name Shook, John R.
856 40 - ELECTRONIC LOCATION AND ACCESS
Uniform Resource Identifier http://site.ebrary.com/lib/rucke/Doc?id=10380376

No items available.

© 2026 Rongo University
Contact us: librarian | system librarian | Rongo university